000 00584cam a22002173a 4500
001 42876
003 PGUSA
005 20140828083955.0
008 130604s2013||||xxu|||||s|||||000 | eng d
040 _aPGUSA
_beng
042 _adc
100 1 _aWeale, W. H. James
245 1 0 _aMemlinc
_h[electronic resource] /
_cW. H. James Weale
260 _bProject Gutenberg,
_c2013
506 _aPublic domain in the USA.
516 _aElectronic text
700 1 _aHare, T. Leman
830 0 _aProject Gutenberg
_v42876
856 4 0 _uhttp://www.gutenberg.org/ebooks/42876
942 _cEB
999 _c272128
_d272128